000
003140000a22001330004500
005
20120302063209.0
942
_c
BOOK
100
_a
PODONY ,R.
245
_a
SOMETHING CALLED NOTHING - PHYSICAL VACCUM : WHAT IS IT?
260
_a
MIR PUBLISHERS ,1986
300
_a
214 P.
040
_a
ENG
650
_a
VACCUM
999
_c
358834
_d
358831